BSOP header

The morning offerings {ch} (sermons of morning devotion) / (Record no. 24007)

MARC details
000 -LEADER
fixed length control field 00588nam a2200169 4500
008 - FIXED-LENGTH DATA ELEMENTS--GENERAL INFORMATION
fixed length control field 050725s1994 cc chi
090 ## - LOCALLY ASSIGNED LC-TYPE CALL NUMBER (OCLC); LOCAL CALL NUMBER (OCLC)
Classification number (OCLC) (R) ; Classification number, CALL (RLIN) (NR) BV4839.C5
Local cutter number (OCLC) ; Book number/undivided call number, CALL (RLIN) L88
100 0# - MAIN ENTRY--PERSONAL NAME
Personal name Lor, Zheng-Fang
245 10 - TITLE STATEMENT
Title The morning offerings {ch} (sermons of morning devotion) /
Statement of responsibility, etc Zheng-Fang Lor.
260 ## - PUBLICATION, DISTRIBUTION, ETC. (IMPRINT)
Place of publication, distribution, etc Nan-Jing, China :
Name of publisher, distributor, etc Jing-Ling Seminary,
Date of publication, distribution, etc 1994.
300 ## - PHYSICAL DESCRIPTION
Extent 207 p.
490 1# - SERIES STATEMENT
Series statement The sermons of Jing-Ling Series
650 #4 - SUBJECT ADDED ENTRY--TOPICAL TERM
Topical term or geographic name as entry element Christian life {ch}.
650 #4 - SUBJECT ADDED ENTRY--TOPICAL TERM
Topical term or geographic name as entry element Devotional literature {ch}.
650 #4 - SUBJECT ADDED ENTRY--TOPICAL TERM
Topical term or geographic name as entry element Sermons {ch}.
951 ## - EQUIVALENCE OR CROSS-REFERENCE-GEOGRAPHIC NAME/AREA NAME [OBSOLETE] [CAN/MARC only]
General subdivision 00031174
951 ## - EQUIVALENCE OR CROSS-REFERENCE-GEOGRAPHIC NAME/AREA NAME [OBSOLETE] [CAN/MARC only]
-- C-6605
-- BV4839.C5/L88
-- 070613111507328
-- 2000-12-21
-- CH
Holdings
Withdrawn status Lost status Damaged status Not for loan Home library Current library Shelving location Date acquired Accession number Shelving control number Total Checkouts Full call number Barcode Date last seen Price effective from Koha item type
        BSOP Library BSOP Library Chinese Books (General Circulation) 12/21/2000 C-6605 127   BV4839.C5/L88 00031174 02/23/2013 02/23/2013 Books
BSOP

Biblical Seminary of the Philippines
  All rights Reserved
  © 2024

CONTACT INFORMATION

Biblical Seminary of the Philippines,
  77-B Karuhatan Road, Valenzuela City,
  PHILIPPINES 1441
  Phone: +632 8292-6795 / 8292-6798
  Fax : +632 8292-6675
  Email: library@bsop.edu.ph